| 000 | 01607nam0a22003611 4500 | ||
|---|---|---|---|
| 001 | rc\269439 | ||
| 005 | 20250621002430.0 | ||
| 010 |
_a5-8436-0069-6 _91000 |
||
| 035 | _a(NLR Aleph) 005475079 | ||
| 090 |
_a5081201 _c5081201 |
||
| 100 | _a20030307d1997 |||y0rusy50 ca | ||
| 101 | 0 | _arus | |
| 102 | _aRU | ||
| 105 | _ay ||||||||| | ||
| 200 | 1 |
_aНизкие домики _eСтихи _fКонстантин Ходунков |
|
| 210 |
_aСтаврополь _cКавк. б-ка _d1997 |
||
| 215 |
_a122, [5] с. _d17 |
||
| 327 | 1 | _aСодерж.: Циклы: Отчие просторы; Зарисовки; Раздумья; Старшему поколению; Россыпи; О природе; О поэтах и поэзии; Из первых стихов | |
| 464 | 0 |
_12001#$aОтчие просторы _tОтчие просторы |
|
| 464 | 0 |
_12001#$aЗарисовки _tЗарисовки |
|
| 464 | 0 |
_12001#$aРаздумья _tРаздумья |
|
| 464 | 0 |
_12001#$aСтаршему поколению _tСтаршему поколению |
|
| 464 | 0 |
_12001#$aРоссыпи _tРоссыпи |
|
| 464 | 0 |
_12001#$aО природе _tО природе |
|
| 464 | 0 |
_12001#$aО поэтах и поэзии _tО поэтах и поэзии |
|
| 464 | 0 |
_12001#$aИз первых стихов _tИз первых стихов |
|
| 700 | 1 |
_aХодунков _bК. Д. _f1928- _gКонстантин Дмитриевич _9142521 _3RU\NLR\AUTH\770142557 |
|
| 801 | 0 |
_aRU _bNLR _gpsbo |
|
| 801 | 1 |
_aRU _bELAR _2rusmarc |
|
| 852 |
_aNLR _j97-2/798 |
||
| 942 | _cBOOK | ||
| 980 | _aNB | ||